000 00582nam a22001577a 4500
008 230428b |||||||| |||| 00| 0 eng d
020 _a0-444-85321-9
040 _aNational Science Library
_cNational Science Library
080 _a519.1(082.2)
_bM0
245 _aMultivariate analysis-V:
_bProceedings of the fifth International Symposium on Multivariate Analysis
_c/ North-Holland Publishing Company
260 _aAmsterdam:
_bNorth-Holland Publishing Company,
_c1980
300 _ax, 675p.
650 _aScience
700 _aKrishnaiah, Paruchuri R (Ed.)
942 _2udc
_cPR
999 _c24746
_d24746